000 01054nam0a22002771 4500
001 RU\INFOCOMM_327\NLR\5000010867
005 20250613104809.0
035 _a(NLR Aleph) 009514582
090 _a8788130
_c8788130
100 _a20121210d1970 |||y0rusy50 ca
101 0 _ager
102 _aRU
105 _ay z |||||
200 1 _aDer Stand bibliothekskundlicher Forschungen in Polen
_fDr. Jadwiga Kołodziejska ...
_gIFLA. Kommis. für Bibliothekskunde. 36. Tagung. Moskau. Aug., 1970
210 _a[M.
_d1970]
215 _a[1], 17 л.
_d30 см
300 _aНа вклейке: Я. Колодзейска ... Научные исследования в области библиотековедения в Польше
309 _aОтпеч. множит. аппаратом на одной стороне листа
620 _aМосква
686 _aБ6-1700
_2rubbk
700 1 _aKołodziejska
_bJ.
_gJadwiga
801 1 _aRU
_bNLR
_c20121210
801 0 _aRU
_bINFOCOMM
_gPSBO
852 _aNLR
_jБ 1675/I-61
942 _cBOOK
980 _aNB